Responses for show #7431 - Monday, December 26, 2016

Contestants

Stephanie Schlatter, a stay-at-home parent from Toledo, Ohio

Wren Allen, a botanical artist from Santa Fe, New Mexico

Sam Scovill, a G.I.S. technician from Oklahoma City, Oklahoma (whose 3-day cash winnings total $56,201)

Jeopardy! Round responses

GRAND MARSHALS OF THE ROSE PARADE
(Alex: It's coming up soon.)
LITERARY TERMS
ON "EDGE"
PICK YOUR BATTLE
MORE THAN AN ATHLETE
YOU'RE THE BALM
    $200 7
Walt Disney

Sam
    $200 10
antagonist

Wren
    $200 15
a pledge

Wren
    $200 21
Midway

Sam
    $200 1
LeBron James

Stephanie
    $200 2
udders

Sam
    $400 8
(Alex: And he just retired this year. [*]. Famous broadcaster.)

Vin Scully

Triple Stumper
    $400 11
omniscient

Wren
    $400 16
hedge

Sam
    $400 22
Verdun

Wren
    $400 3
(Alex: Yes, Washington.)

the Wizards

Sam
    $400 24
beauty balm

Wren
    $600 9
Nixon

Wren
    $600 12
resolution

Wren
    $600 18
dredge

Sam
    $600 23
(Alex: Yes, in the Hundred Years' War.)

Crécy

Stephanie
    $600 4
Arthur Ashe

Sam
    $600 25
Tiger balm

Stephanie
    $800 17
Shirley Temple

Wren
    $800 13
(Sam: What are narrators?)

footnotes

SamStephanie
    $800 19
to fledge

Wren
    $800 28
Fredericksburg

Sam
    $800 5
Michael Sam

Sam
    $800 26
aloe

Stephanie
    $1000 30
(Alex: Governor of California.)

(Earl) Warren

Sam
    $1,000 14
(Stephanie: What is a quip?)

a vignette

Stephanie
    $1000 20
sedge

Wren
    $1000 29
Marengo

Wren
    $1000 6
(Wren: Who is Kelly?)

Terry Fox

Wren
Triple Stumper
    $1000 27
Gilead

Stephanie

Scores at the first commercial break (after clue 14):

Sam Wren Stephanie
$1,400 $800 $0

Scores at the end of the Jeopardy! Round:

Sam Wren Stephanie
$4,400 $5,400 $3,000

Double Jeopardy! Round responses

TIME: THE 1980s
NONFICTION
4-LETTER WORDS
GEOGRAPHIC EXTREMES
BIRDS IN THE BIBLE
DIRECTED BUT DIDN'T STAR IN
    $400 14
Ayatollah Khomeini

Sam
    $400 23
to gild

Stephanie
    $400 7
Argentina

Sam
    $400 5
the Sermon on the Mount

Stephanie
    $400 2
Ryan Gosling

Stephanie
    $800 15
Platoon

Sam
    $800 24
isle

Sam
    $1,000 8
(Alex: Capital of Iceland.)

Reykjavik

Sam
    $800 6
an eagle

Wren
    $800 12
(Wren: Who is Clint Eastwood?)
...
[Wren rings in again.]
(Alex: Who is [*]? Sorry, Wren, you don't get a second try.)
[Laughter]

Angelina Jolie

Wren
Triple Stumper
    $1,200 16
Dukakis

Sam
    $1200 19
glee

Stephanie
    $1200 9
seacoasts

Sam
    $1200 1
Leviticus

Sam
    $1200 13
(Sam: Who is Angelina Jolie?)

Jodie Foster

Sam
Triple Stumper
    $1600 17
Deng Xiaoping

Wren
    $1600 22
(Sam: What is Sapien?)
(Alex: That's it. No, sorry.)

Sapiens

Sam
Triple Stumper
    $1600 20
a waif

Triple Stumper
    $1600 10
(Wren: What is humidity?)

salinity

Wren
Triple Stumper
    $1600 3
(Wren: Who is Solomon?)

Saul

WrenStephanie
    $1600 27
[The end-of-round signal sounds.]

Kenneth Branagh

Triple Stumper
    $2000 18
(Wren: What is General Motors?)

Chrysler

WrenStephanie
    $2000 25
Huckabee

Sam
    $2000 21
(Sam: What is ship?)
(Wren: Sorry.)
...
(Alex: We have less than a minute now.)

soul

SamWren
Triple Stumper
    $2000 11
(Sam: What is Georgia?)
(Stephanie: What is Azerbaijan?)
(Wren: What is Estonia?)

Armenia

SamWrenStephanie
Triple Stumper
    $2000 4
quail

Wren
    $2000 26
(Wren: Um, Krakauer.)

Sean Penn

Wren
Triple Stumper

Scores at the end of the Double Jeopardy! Round:

Sam Wren Stephanie
$6,600 -$2,200 $7,000

[wagering suggestions for these scores]

Final Jeopardy! Round responses

MOONS & PLANETS
(Alex: [To Sam] A moon of Saturn. Saturn was a [*].)
SamWhat is Titan?
$6,600
StephanieWhat is Titan
$6,201
Titan

Final scores:

Sam Wren Stephanie
$13,200 -$2,200 $13,201
2nd place: $2,000 3rd place: $1,000 New champion: $13,201

Game dynamics:

Coryat scores:

Sam Wren Stephanie
$6,400 -$2,200 $8,000
19 R
(including 2 DDs),
5 W
14 R,
8 W
12 R,
2 W
(including 1 DD)

Combined Coryat: $12,200

The J! Archive is created by fans, for fans. The Jeopardy! game show and all elements thereof, including but not limited to copyright and trademark thereto, are the property of Jeopardy Productions, Inc. and are protected under law. This website is not affiliated with, sponsored by, or operated by Jeopardy Productions, Inc. Join the discussion at JBoard.tv.